003060000a22001210004500060000800000082001600008100002500024245002600049260003700075260000900112300000800121650005500129 a100 a581.012 PLO aplowden, Chicheley C aManual of plant names aLondon, George Allen & Unwin Ltd c1968 a260 aCell division/ Metabolism/ Genetics/ Generic Names